Fr. Conceicao Rodrigues College of Engineering

Network Management:Concepts and practice (Record no. 19630)

MARC details
000 -LEADER
fixed length control field 00362nam a2200157Ia 4500
082 ## - DEWEY DECIMAL CLASSIFICATION NUMBER
Classification number 4.6
Item number BUR
100 ## - MAIN ENTRY--PERSONAL NAME
Personal name Burke/Richard J
245 ## - TITLE STATEMENT
Title Network Management:Concepts and practice
260 ## - PUBLICATION, DISTRIBUTION, ETC.
Name of publisher, distributor, etc. Prentice Hall of India
Date of publication, distribution, etc. 2004
366 ## - TRADE AVAILABILITY INFORMATION
Publishers's discount category 25
300 ## - PHYSICAL DESCRIPTION
Extent 519
546 ## - LANGUAGE NOTE
Language note ENGLISH
-- PAMPHALETS
654 ## - SUBJECT ADDED ENTRY--FACETED TOPICAL TERMS
Focus term network management
942 ## - ADDED ENTRY ELEMENTS (KOHA)
Koha item type BOOK
Holdings
Withdrawn status Lost status Damaged status Not for loan Collection Home library Current library Date acquired Source of acquisition Cost, normal purchase price Inventory number Total Checkouts Full call number Barcode Date last seen Cost, replacement price Price effective from Koha item type
        CRC Fr. Agnel's C.Rodrigues College of Engineering Fr. Agnel's C.Rodrigues College of Engineering 17/03/2023 Book Base 337.50 9634 dt 28/04/2010   4.6 BUR 20584 17/03/2023 450.00   BOOK